000 00912nam a22002415i 4500
001 158219
003 ES-MaACL
005 20250728181521.0
008 990701s1865 fr |||| | fre d
040 _aCLM
_bspa
_cCCPB | 3D
100 1 _aLucrecio Caro, Tito.
_974604
245 1 0 _aOeuvres complétes de Lucréce /
_cavec la traduction française de Lagrange ; revue avec le plus grand soin par M. Blanchet.
260 _aParis :
_bGarnier Fréres, libraires-éditeurs,
_c1865 (
_fImp. Simon Raçon et Comp.)
300 _aXXXII, 395 p. ;
_c18 cm.
490 1 _aBibliotheque latine-française ;
_v21
594 _aTexto en francés y latín.
700 1 _aBlanchet, Félix,
_d1826-1861
_9154500
700 1 _aLagrange (
_d1738-1775)
_9154501
830 0 _aBibliotheque latine-française ;
_v21
_9188147
852 _aES-MaACL
_jD-2131
_z-- Enc. tela
999 _c158219
_d158219